Retrouvez les titres des années 2020 #2 - Statistiques

Statistiques générales
  • Ce quiz a été pris 17 fois
  • Le résultat moyen est 5 sur 32
Statistiques - réponses
Date Artiste Réponse % Correct
2024 Sabrina Carpenter Espresso
71%
2023 Miley Cyrus Flowers
71%
2022 Imagine Dragons Bones
29%
2024 Eminem Houdini
29%
2023 Olivia Rodrigo vampire
29%
2022 Rema, Selena Gomez Calm Down
24%
2020 Lady Gaga, Ariana Grande Rain on Me
24%
2023 Dua Lipa Dance the Night
18%
2025 Bad Bunny DtMF
18%
2021 Lil Nas X, Jack Harlow INDUSTRY BABY
18%
2021 Doja Cat, SZA Kiss Me More
18%
2020 Future, Drake Life is Good
18%
2021 Justin Bieber, Daniel Caesar, Giveon Peaches
18%
2023 The Weeknd, Madonna, Playboi Carti Popular
18%
2020 DaBaby, Roddy Ricch ROCKSTAR
18%
2024 Shaboozey A Bar Song (Tipsy)
12%
2022 Steve Lacy Bad Habit
12%
2023 PinkPantheress, Ice Spice Boy's a Liar, Pt. 2
12%
2024 21 Savage redrum
12%
2024 Tyler, The Creator / GloRilla, Sexyy Red, Lil Wayne Sticky
12%
2023 Billie Eilish What Was I Made For ?
12%
2024 Hanumankind, Kalmi Big Dawgs
6%
2025 Sexyy Red, Bruno Mars Fat Juicy & Wet
6%
2020 Eminem, Juice WRLD Godzilla
6%
2022 OneRepublic I Ain't Worried
6%
2021 Silk Sonic (Bruno Mars, Anderson Paak) Leave the Door Open
6%
2021 Coldplay, BTS My Universe
6%
2021 Kali Uchis telepatía
6%
2024 Linkin Park The Emptiness Machine
6%
2021 Maroon 5, Megan Thee Stallion Beautiful Mistakes
0%
2022 KAROL G PROVENZA
0%
2022 d4vd Romantic Homicide
0%
Aucun quiz correspondant
Distribution des résultats
% des personnes avec chaque résultat
Percentile par nombre de réponses
Votre historique - résultats
Vous n’avez pas pris ce quiz